[Event "IECG CC.2008.0.00151 email"]
[Site "IECG email"]
[Date "2008.01.11"]
[Round "?"]
[White "Borealin, Hugo"]
[Black "Pirner, Robert"]
[Result "1-0"]
[WhiteElo "1700"]
[BlackElo "1708"]
[PlyCount "57"]
[EventDate "2008.01.11"]
[EventType "tourn (corr)"]
[EventRounds "6"]
[SourceTitle "Corr 2024"]
[Source "ChessBase"]
[SourceDate "2023.10.19"]
[SourceVersion "1"]
[SourceVersionDate "2023.10.19"]
[SourceQuality "1"]

1. e4 c6 2. d4 d5 3. exd5 cxd5 4. c4 Nf6 5. Nc3 e6 6. Nf3 Bb4 7. Bd3 dxc4 8. Bxc4 0-0 9. 0-0 b6 10. Bg5 Bb7 11. Rc1 Nc6 12. a3 Be7 13. Qd3 Rc8 14. Rfd1 Nd5 15. Bxd5 Bxg5 16. Nxg5 Qxg5 17. Be4 g6 18. g3 Rfd8 19. h4 Qe7 20. Qe3 Na5 21. Bxb7 Qxb7 22. Ne4 Nc4 23. Qe2 Nd6 24. Nf6+ Kg7 25. Qe5 Nf5 26. d5 exd5 27. Nxd5+ Kg8 28. Kh2 Rxc1 29. Nf6+ 1-0

[Event "IECG CC.2008.0.00151 email"]
[Site "IECG email"]
[Date "2008.01.11"]
[Round "?"]
[White "Turoczi, Peter"]
[Black "Borealin, Hugo"]
[Result "1/2-1/2"]
[WhiteElo "1668"]
[BlackElo "1700"]
[PlyCount "45"]
[EventDate "2008.01.11"]
[EventType "tourn (corr)"]
[EventRounds "6"]
[SourceTitle "Corr 2024"]
[Source "ChessBase"]
[SourceDate "2023.10.19"]
[SourceVersion "1"]
[SourceVersionDate "2023.10.19"]
[SourceQuality "1"]

1. e4 e5 2. Nf3 Nc6 3. Bb5 a6 4. Ba4 Nf6 5. 0-0 Be7 6. Re1 b5 7. Bb3 d6 8. h3 0-0 9. a3 Na5 10. Ba2 c5 11. d3 Nc6 12. Nc3 Nd4 13. Nd5 Rb8 14. Nxd4 cxd4 15. c3 Nxd5 16. Bxd5 dxc3 17. bxc3 Be6 18. Bd2 Bxd5 19. exd5 Rc8 20. a4 Bg5 21. axb5 axb5 22. Ra6 Bxd2 23. Qxd2 1/2-1/2